| 000 | 00434nam a2200133Ia 4500 | ||
|---|---|---|---|
| 008 | 250506s9999 xx 000 0 und d | ||
| 024 | _a13B-21-EL, 13B-23-EL & 13B-35-EL | ||
| 082 | _a621.4838072 MUH | ||
| 100 | _aMuhammad Hamza Ansar, Syed Muhammad Omer & Muhammad Faizan | ||
| 245 | 0 | _aUltrasonic Immersion Scanner | |
| 260 |
_aKarachi: _bUIT, _c2013 |
||
| 600 | _aElectrical Engineering | ||
| 650 | _aBachelor of Engineering (BE) | ||
| 999 |
_c28124 _d28124 |
||